书目信息 |
| 题名: |
数字媒体应用教程
|
|
| 作者: | 沈大林 , 万忠 主编 | |
| 分册: | ||
| 出版信息: | 北京 中国铁道出版社 2016 |
|
| 页数: | 352页 | |
| 开本: | 26cm | |
| 丛书名: | ||
| 单 册: | ||
| 中图分类: | TP37 | |
| 科图分类: | ||
| 主题词: | 数字技术--多媒体--高等职业教育--教材 | |
| 电子资源: | ||
| ISBN: | 978-7-113-21742-6 | |
| 000 | 00956nam0 2200265 450 | |
| 001 | 2338417205 | |
| 005 | 20231129104318.46 | |
| 010 | @a978-7-113-21742-6@dCNY49.00 | |
| 090 | @aTP37@bsdl | |
| 096 | @aTP37@bsdl | |
| 100 | @a20161010d2016 em y0chiy0120 ea | |
| 101 | 0 | @achi |
| 102 | @aCN@b110000 | |
| 105 | @aa z 000yy | |
| 200 | 1 | @a数字媒体应用教程@9shu zi mei ti ying yong jiao cheng@f沈大林,万忠主编 |
| 210 | @a北京@c中国铁道出版社@d2016 | |
| 215 | @a352页@c图@d26cm | |
| 300 | @a高职高专计算机规划教材 | |
| 330 | @a本书共9章,介绍了数字媒体和数字媒体技术的一些基本知识,使用20多种软件进行数字媒体采集和格式转换的方法,编辑处理PDF格式文字、图像、动画、音频和视频等数字媒体的基本操作方法和操作技巧等。 | |
| 606 | 0 | @a数字技术@x多媒体@x高等职业教育@j教材 |
| 690 | @aTP37@v5 | |
| 701 | 0 | @a沈大林@9shen da lin@c(职业教育)@4主编 |
| 701 | 0 | @a万忠@9wan zhong@c(计算机)@4主编 |
| 801 | 2 | @aCN@b58marc.cn@c20170707 |
| 905 | @aBZT@dTP37@e12 | |
| 数字媒体应用教程/沈大林,万忠主编.-北京:中国铁道出版社,2016 |
| 352页:图;26cm |
| 高职高专计算机规划教材 |
| ISBN 978-7-113-21742-6:CNY49.00 |
| 本书共9章,介绍了数字媒体和数字媒体技术的一些基本知识,使用20多种软件进行数字媒体采集和格式转换的方法,编辑处理PDF格式文字、图像、动画、音频和视频等数字媒体的基本操作方法和操作技巧等。 |
| ● |
| 相关链接 |
|
|
|
正题名:数字媒体应用教程
索取号:TP37/12
 
预约/预借
| 序号 | 登录号 | 条形码 | 馆藏地/架位号 | 状态 | 备注 |
| 1 | 2001185601 | 2001185601 | 东辅楼二楼书库/ [索取号:TP37/12] | 在馆 | |
| 2 | 2001185602 | 2001185602 | 东辅楼二楼书库/ [索取号:TP37/12] | 在馆 | |
| 3 | 2001185603 | 2001185603 | 东辅楼二楼书库/ [索取号:TP37/12] | 在馆 | |
| 4 | 2001185604 | 2001185604 | 东辅楼二楼书库/ [索取号:TP37/12] | 在馆 | |
| 5 | 2001185605 | 2001185605 | 东辅楼二楼书库/ [索取号:TP37/12] | 在馆 | |
| 6 | 2001185606 | 2001185606 | 东辅楼二楼书库/ [索取号:TP37/12] | 在馆 | |
| 7 | 2001185607 | 2001185607 | 东辅楼二楼书库/ [索取号:TP37/12] | 在馆 | |
| 8 | 2001185608 | 2001185608 | 东辅楼二楼书库/ [索取号:TP37/12] | 在馆 | |
| 9 | 2001185609 | 2001185609 | 东辅楼二楼书库/ [索取号:TP37/12] | 在馆 | |
| 10 | 2001185610 | 2001185610 | 东辅楼二楼书库/ [索取号:TP37/12] | 在馆 | |
| 11 | 2001185611 | 2001185611 | 东辅楼二楼书库/ [索取号:TP37/12] | 在馆 | |
| 12 | 2001185612 | 2001185612 | 东辅楼二楼书库/ [索取号:TP37/12] | 在馆 | |
| 13 | 2001185613 | 2001185613 | 东辅楼二楼书库/ [索取号:TP37/12] | 在馆 | |
| 14 | 2001185670 | 2001185670 | 东辅楼二楼书库/ [索取号:TP37/12] | 在馆 | |
| 15 | 2001185671 | 2001185671 | 东辅楼二楼书库/ [索取号:TP37/12] | 在馆 | |
| 16 | 2001185672 | 2001185672 | 东辅楼二楼书库/ [索取号:TP37/12] | 在馆 | |
| 17 | 2001185673 | 2001185673 | 东辅楼二楼书库/ [索取号:TP37/12] | 在馆 | |
| 18 | 2001185674 | 2001185674 | 东辅楼二楼书库/ [索取号:TP37/12] | 在馆 | |
| 19 | 2001185675 | 2001185675 | 东辅楼二楼书库/ [索取号:TP37/12] | 在馆 | |
| 20 | 2001185676 | 2001185676 | 东辅楼二楼书库/ [索取号:TP37/12] | 在馆 | |
| 21 | 2001185677 | 2001185677 | 东辅楼二楼书库/ [索取号:TP37/12] | 在馆 | |
| 22 | 2001185678 | 2001185678 | 东辅楼二楼书库/ [索取号:TP37/12] | 在馆 | |
| 23 | 2001185679 | 2001185679 | 东辅楼二楼书库/ [索取号:TP37/12] | 在馆 | |
| 24 | 2001185680 | 2001185680 | 东辅楼二楼书库/ [索取号:TP37/12] | 在馆 | |
| 25 | 2001185681 | 2001185681 | 东辅楼二楼书库/ [索取号:TP37/12] | 在馆 | |
| 26 | 2001185682 | 2001185682 | 东辅楼二楼书库/ [索取号:TP37/12] | 在馆 | |
| 27 | 2001185683 | 2001185683 | 东辅楼二楼书库/ [索取号:TP37/12] | 在馆 | |
| 28 | 2001185684 | 2001185684 | 东辅楼二楼书库/ [索取号:TP37/12] | 在馆 | |
| 29 | 2001185685 | 2001185685 | 东辅楼二楼书库/ [索取号:TP37/12] | 在馆 | |
| 30 | 2001185686 | 2001185686 | 东辅楼二楼书库/ [索取号:TP37/12] | 在馆 |